| 000 | 00769cam a2200217 4500 | ||
|---|---|---|---|
| 001 | WB3714-43 | ||
| 008 | 000000n2001 000 0 eng u | ||
| 035 | _a(Sirsi) u111770 | ||
| 245 | _aHardship grants unclaimed | ||
| 260 | _c2001 | ||
| 490 |
_aScotsman _v 2 April 2001, 4(1) |
||
| 520 | _aScottish farmers and others whose income is dependent on the farming industry are failing to make claims for financial help from the Arthur Rank Centre's Addington Fund set up to deal with hardship caused by the foot and mouth crisis. RSABI; tel: 0131 333 1023 | ||
| 590 | _aWB | ||
| 650 | _aHARDSHIP RELIEF | ||
| 650 | _aFINANCIAL ASSISTANCE | ||
| 650 | _aFARMING INDUSTRY | ||
| 650 | _aFARMING | ||
| 650 | _aRURAL ECONOMY | ||
| 690 |
_aRural _96268 |
||
| 942 | _n0 | ||
| 999 |
_c66596 _d66596 |
||